[Event "World Youth & Cadets Rapid Championships"]
[Site "Rhodes, Greece"]
[Date "2022.05.02"]
[Round "7.18"]
[White "Niezhentsev, Kyrylo"]
[Black "Gloeckler, Christian"]
[Result "0-1"]
[TimeControl "10'/game & 5\"/move"]
[WhiteElo "1803"]
[BlackElo "1497"]

1. e4 {[%clk 00:10:08]} {[%emt 00:00:02]} c5 {[%clk 00:10:09]} {[%emt
00:00:01]} 2. Nf3 {[%clk 00:10:11]} {[%emt 00:00:02]} d6 {[%clk 00:10:13]}
{[%emt 00:00:01]} 3. d4 {[%clk 00:10:14]} {[%emt 00:00:02]} cxd4 {[%clk
00:10:16]} {[%emt 00:00:02]} 4. Nxd4 {[%clk 00:10:17]} {[%emt 00:00:02]} Nf6
{[%clk 00:10:20]} {[%emt 00:00:01]} 5. f3 {[%clk 00:10:21]} {[%emt 00:00:02]}
a6 {[%clk 00:10:21]} {[%emt 00:00:03]} 6. c4 {[%clk 00:10:24]} {[%emt
00:00:02]} e5 {[%clk 00:10:21]} {[%emt 00:00:04]} 7. Nc2 {[%clk 00:10:25]}
{[%emt 00:00:04]} Be7 {[%clk 00:10:22]} {[%emt 00:00:05]} 8. Nc3 {[%clk
00:10:29]} {[%emt 00:00:01]} Be6 {[%clk 00:10:25]} {[%emt 00:00:02]} 9. Be3
{[%clk 00:10:31]} {[%emt 00:00:03]} Nbd7 {[%clk 00:10:26]} {[%emt 00:00:03]} 10.
Bd3 {[%clk 00:08:36]} {[%emt 00:02:01]} h5 {[%clk 00:10:19]} {[%emt 00:00:12]}
11. O-O {[%clk 00:08:24]} {[%emt 00:00:17]} O-O {[%clk 00:10:05]} {[%emt
00:00:19]} 12. Nd5 {[%clk 00:08:04]} {[%emt 00:00:25]} Rc8 {[%clk 00:09:26]}
{[%emt 00:00:44]} 13. Qe2 {[%clk 00:07:56]} {[%emt 00:00:14]} Nc5 {[%clk
00:09:04]} {[%emt 00:00:27]} 14. Bxc5 {[%clk 00:07:56]} {[%emt 00:00:05]} Rxc5
{[%clk 00:09:04]} {[%emt 00:00:03]} 15. Nce3 {[%clk 00:06:50]} {[%emt
00:01:11]} g6 {[%clk 00:08:32]} {[%emt 00:00:38]} 16. Rfd1 {[%clk 00:06:27]}
{[%emt 00:00:28]} Nxd5 {[%clk 00:08:12]} {[%emt 00:00:24]} 17. cxd5 {[%clk
00:05:28]} {[%emt 00:01:05]} Bd7 {[%clk 00:07:57]} {[%emt 00:00:20]} 18. Rac1
{[%clk 00:04:52]} {[%emt 00:00:41]} Qb6 {[%clk 00:07:50]} {[%emt 00:00:12]} 19.
Kh1 {[%clk 00:04:06]} {[%emt 00:00:51]} Rfc8 {[%clk 00:07:31]} {[%emt
00:00:24]} 20. Nc4 {[%clk 00:03:08]} {[%emt 00:01:03]} Qd8 {[%clk 00:05:49]}
{[%emt 00:01:47]} 21. Qe1 {[%clk 00:00:38]} {[%emt 00:02:35]} b5 {[%clk
00:04:27]} {[%emt 00:01:27]} 22. Nd2 {[%clk 00:00:16]} {[%emt 00:00:27]} Bh4
{[%clk 00:03:29]} {[%emt 00:01:03]} 23. g3 {[%clk 00:00:08]} {[%emt 00:00:13]}
Bg5 {[%clk 00:03:27]} {[%emt 00:00:06]} 24. Rxc5 {[%emt 00:00:07]} Rxc5 {[%clk
00:03:05]} {[%emt 00:00:22]} 25. Nb3 {[%clk 00:00:16]} {[%emt 00:00:02]} Rc7
{[%clk 00:02:25]} {[%emt 00:00:44]} 26. Qa5 {[%clk 00:00:11]} {[%emt 00:00:08]}
Bh3 {[%clk 00:01:17]} {[%emt 00:01:15]} 27. Qe1 {[%clk 00:00:07]} {[%emt
00:00:08]} Qf6 {[%clk 00:01:07]} {[%emt 00:00:16]} 28. Qf2 {[%clk 00:00:08]}
{[%emt 00:00:04]} h4 {[%clk 00:01:00]} {[%emt 00:00:12]} 29. g4 {[%clk
00:00:09]} {[%emt 00:00:05]} Bxg4 {[%clk 00:01:01]} {[%emt 00:00:04]} 30. Rf1
{[%clk 00:00:08]} {[%emt 00:00:05]} Bh3 {[%clk 00:00:58]} {[%emt 00:00:07]} 31.
Re1 {[%clk 00:00:10]} {[%emt 00:00:03]} Qf4 {[%clk 00:00:37]} {[%emt 00:00:28]}
32. Bf1 {[%clk 00:00:08]} {[%emt 00:00:07]} Bxf1 {[%clk 00:00:24]} {[%emt
00:00:17]} 33. Rxf1 {[%clk 00:00:12]} {[%emt 00:00:01]} Rb7 {[%clk 00:00:26]}
{[%emt 00:00:03]} 34. Na5 {[%clk 00:00:13]} {[%emt 00:00:04]} Rc7 {[%clk
00:00:26]} {[%emt 00:00:05]} 35. Nc6 {[%clk 00:00:17]} {[%emt 00:00:01]} Qf6
{[%clk 00:00:21]} {[%emt 00:00:10]} 36. Qb6 {[%clk 00:00:17]} {[%emt 00:00:06]}
Rd7 {[%clk 00:00:16]} {[%emt 00:00:10]} 37. Qb8+ {[%clk 00:00:14]} {[%emt
00:00:08]} Kg7 {[%clk 00:00:19]} {[%emt 00:00:01]} 38. Qc8 {[%clk 00:00:14]}
{[%emt 00:00:04]} Re7 {[%clk 00:00:15]} {[%emt 00:00:10]} 39. Nxe7 {[%clk
00:00:17]} {[%emt 00:00:02]} Qxe7 {[%clk 00:00:19]} 40. Qg4 {[%clk 00:00:16]}
{[%emt 00:00:06]} Bf4 {[%clk 00:00:21]} {[%emt 00:00:03]} 41. Qc8 {[%clk
00:00:14]} {[%emt 00:00:07]} Qg5 {[%clk 00:00:21]} {[%emt 00:00:05]} 42. Rg1
{[%clk 00:00:18]} {[%emt 00:00:01]} Qh6 {[%clk 00:00:20]} {[%emt 00:00:06]} 43.
a3 {[%clk 00:00:07]} {[%emt 00:00:16]} Be3 {[%clk 00:00:21]} {[%emt 00:00:04]}
44. Rf1 {[%clk 00:00:09]} {[%emt 00:00:03]} Qf4 {[%clk 00:00:22]} {[%emt
00:00:04]} 45. Qg4 {[%clk 00:00:12]} {[%emt 00:00:02]} Qf6 {[%clk 00:00:24]}
{[%emt 00:00:03]} 46. Re1 {[%clk 00:00:15]} {[%emt 00:00:02]} Bd4 {[%clk
00:00:26]} {[%emt 00:00:03]} 47. Re2 {[%clk 00:00:18]} {[%emt 00:00:02]} Qd8
{[%clk 00:00:27]} {[%emt 00:00:04]} 48. Rc2 {[%clk 00:00:21]} {[%emt 00:00:02]}
a5 {[%clk 00:00:26]} {[%emt 00:00:06]} 49. Rc8 {[%clk 00:00:17]} {[%emt
00:00:09]} Qe7 {[%clk 00:00:27]} {[%emt 00:00:04]} 50. b3 {[%clk 00:00:16]}
{[%emt 00:00:06]} a4 {[%clk 00:00:27]} {[%emt 00:00:05]} 51. b4 {[%clk
00:00:13]} {[%emt 00:00:08]} Bb2 {[%clk 00:00:29]} {[%emt 00:00:03]} 52. Qg2
{[%clk 00:00:15]} {[%emt 00:00:03]} Bxa3 {[%clk 00:00:30]} {[%emt 00:00:04]} 53.
Qd2 {[%clk 00:00:18]} {[%emt 00:00:02]} Qa7 {[%clk 00:00:25]} {[%emt 00:00:11]}
54. Rc2 {[%clk 00:00:11]} {[%emt 00:00:12]} Qd4 {[%clk 00:00:27]} {[%emt
00:00:03]} 55. Qxd4 {[%clk 00:00:09]} {[%emt 00:00:06]} exd4 {[%clk 00:00:30]}
56. e5 {[%clk 00:00:09]} {[%emt 00:00:06]} d3 {[%clk 00:00:27]} {[%emt
00:00:08]} 57. Rc3 {[%clk 00:00:09]} {[%emt 00:00:05]} Bxb4 {[%clk 00:00:30]}
{[%emt 00:00:02]} 58. Rxd3 {[%clk 00:00:13]} Bc5 {[%clk 00:00:29]} {[%emt
00:00:06]} 59. exd6 {[%clk 00:00:14]} {[%emt 00:00:04]} Bxd6 {[%clk 00:00:33]}
{[%emt 00:00:01]} 60. Kg2 {[%clk 00:00:18]} Kf6 {[%emt 00:00:03]} 61. Kf2
{[%clk 00:00:21]} Ke5 {[%clk 00:00:39]} {[%emt 00:00:01]} 62. Ke3 {[%clk
00:00:21]} {[%emt 00:00:06]} Bc5+ {[%clk 00:00:44]} 63. Ke2 {[%clk 00:00:25]}
g5 {[%clk 00:00:44]} {[%emt 00:00:04]} 64. Kd2 {[%clk 00:00:23]} {[%emt
00:00:07]} b4 {[%clk 00:00:48]} {[%emt 00:00:02]} 65. Kc2 {[%clk 00:00:26]}
{[%emt 00:00:02]} b3+ {[%clk 00:00:45]} {[%emt 00:00:08]} 66. Kb2 {[%clk
00:00:30]} Kd6 {[%clk 00:00:40]} {[%emt 00:00:10]} 67. Kc3 {[%clk 00:00:25]}
{[%emt 00:00:09]} h3 {[%clk 00:00:35]} {[%emt 00:00:10]} 68. Rd2 {[%clk
00:00:10]} {[%emt 00:00:19]} f5 {[%clk 00:00:33]} {[%emt 00:00:08]} 69. Kb2
{[%clk 00:00:07]} {[%emt 00:00:08]} Be3 {[%clk 00:00:32]} {[%emt 00:00:06]} 70.
Re2 {[%clk 00:00:06]} {[%emt 00:00:06]} Bd4+ {[%clk 00:00:34]} {[%emt
00:00:03]} 71. Ka3 {[%clk 00:00:11]} b2 {[%clk 00:00:32]} {[%emt 00:00:07]} 72.
Re1 {[%clk 00:00:14]} {[%emt 00:00:02]} Kxd5 {[%clk 00:00:34]} {[%emt
00:00:02]} 73. Kxa4 {[%clk 00:00:18]} {[%emt 00:00:02]} Kc4 {[%clk 00:00:34]}
{[%emt 00:00:05]} 74. Ka3 {[%clk 00:00:21]} {[%emt 00:00:01]} Kc3 {[%clk
00:00:32]} {[%emt 00:00:07]} 75. Ka2 {[%clk 00:00:24]} {[%emt 00:00:01]} Kc2
{[%emt 00:00:05]} 76. Re2 {[%clk 00:00:26]} {[%emt 00:00:02]} Kc1 {[%clk
00:00:33]} {[%emt 00:00:07]} 77. Re1+ {[%clk 00:00:29]} {[%emt 00:00:01]} Kd2
{[%clk 00:00:37]} 78. Re8 {[%clk 00:00:29]} {[%emt 00:00:04]} g4 {[%clk
00:00:30]} {[%emt 00:00:13]} 79. fxg4 {[%clk 00:00:30]} {[%emt 00:00:05]} fxg4
{[%clk 00:00:34]} 80. Re4 {[%clk 00:00:34]} {[%emt 00:00:02]} Kc2 {[%clk
00:00:32]} {[%emt 00:00:07]} 81. Re2 {[%clk 00:00:37]} {[%emt 00:00:02]} Kd3
{[%clk 00:00:34]} {[%emt 00:00:03]} 82. Re6 {[%clk 00:00:37]} {[%emt 00:00:03]}
Bg1 {[%clk 00:00:17]} {[%emt 00:00:22]} 83. Rg6 {[%clk 00:00:35]} {[%emt
00:00:07]} Kc2 {[%emt 00:00:10]} 84. Rc6 Kd2 {[%clk 00:00:11]} {[%emt
00:00:08]} 85. Rg6 {[%clk 00:00:42]} {[%emt 00:00:02]} Bd4 {[%clk 00:00:09]}
{[%emt 00:00:08]} 86. Rxg4 {[%clk 00:00:43]} {[%emt 00:00:03]} Kc2 {[%clk
00:00:12]} {[%emt 00:00:02]} 0-1

[Event "World Youth & Cadets Rapid Championships"]
[Site "Rhodes, Greece"]
[Date "2022.05.02"]
[Round "7.19"]
[White "Murawski, Jan"]
[Black "Balint, Peter"]
[Result "0-1"]
[TimeControl "10'/game & 5\"/move"]
[WhiteElo "1177"]
[BlackElo "1721"]

1. e4 {[%clk 00:10:09]} {[%emt 00:00:01]} e5 {[%clk 00:10:06]} {[%emt
00:00:04]} 2. Nf3 {[%clk 00:10:12]} {[%emt 00:00:02]} Nc6 {[%clk 00:10:10]} 3.
Nc3 {[%clk 00:10:16]} {[%emt 00:00:01]} Nf6 {[%clk 00:10:11]} {[%emt 00:00:04]}
4. Nxe5 {[%clk 00:10:20]} {[%emt 00:00:01]} Nxe5 {[%clk 00:10:10]} {[%emt
00:00:06]} 5. d4 {[%clk 00:10:24]} Ng6 {[%clk 00:09:44]} {[%emt 00:00:31]} 6.
e5 {[%clk 00:10:28]} {[%emt 00:00:01]} Ng8 {[%clk 00:09:45]} {[%emt 00:00:04]}
7. Bc4 {[%clk 00:10:32]} {[%emt 00:00:01]} d5 {[%clk 00:09:24]} {[%emt
00:00:27]} 8. Bxd5 {[%clk 00:10:34]} {[%emt 00:00:02]} c6 {[%clk 00:09:13]}
{[%emt 00:00:16]} 9. Bb3 {[%clk 00:10:23]} {[%emt 00:00:16]} Be6 {[%clk
00:08:28]} {[%emt 00:00:50]} 10. O-O {[%clk 00:10:16]} {[%emt 00:00:11]} Qd7
{[%clk 00:08:24]} {[%emt 00:00:10]} 11. d5 {[%clk 00:09:58]} {[%emt 00:00:23]}
Bxd5 {[%clk 00:07:57]} {[%emt 00:00:32]} 12. Nxd5 {[%clk 00:09:53]} {[%emt
00:00:10]} cxd5 {[%clk 00:08:01]} {[%emt 00:00:02]} 13. f4 {[%clk 00:09:44]}
{[%emt 00:00:14]} O-O-O {[%clk 00:07:50]} {[%emt 00:00:16]} 14. c3 {[%clk
00:08:56]} {[%emt 00:00:53]} Bc5+ {[%clk 00:07:48]} {[%emt 00:00:06]} 15. Kh1
{[%clk 00:09:00]} N8e7 {[%clk 00:07:34]} {[%emt 00:00:19]} 16. a4 {[%clk
00:07:03]} {[%emt 00:02:02]} Nf5 {[%clk 00:07:31]} {[%emt 00:00:07]} 17. Bc2
{[%clk 00:06:57]} {[%emt 00:00:12]} h5 {[%clk 00:07:28]} {[%emt 00:00:08]} 18.
b4 {[%clk 00:06:58]} {[%emt 00:00:04]} Be7 {[%clk 00:07:06]} {[%emt 00:00:27]}
19. Qd3 {[%clk 00:06:43]} {[%emt 00:00:21]} Nh6 {[%clk 00:06:48]} {[%emt
00:00:22]} 20. Be3 {[%clk 00:06:35]} {[%emt 00:00:13]} Kb8 {[%clk 00:06:46]}
{[%emt 00:00:07]} 21. Qd4 {[%clk 00:06:32]} {[%emt 00:00:08]} b6 {[%clk
00:06:06]} {[%emt 00:00:44]} 22. a5 {[%clk 00:06:05]} {[%emt 00:00:33]} b5
{[%clk 00:06:06]} {[%emt 00:00:06]} 23. f5 {[%clk 00:04:24]} {[%emt 00:01:46]}
Nf8 {[%clk 00:05:27]} {[%emt 00:00:43]} 24. a6 {[%clk 00:03:12]} {[%emt
00:01:17]} Ng4 {[%clk 00:05:14]} {[%emt 00:00:17]} 25. Bf4 {[%clk 00:02:44]}
{[%emt 00:00:33]} Ka8 {[%clk 00:04:31]} {[%emt 00:00:49]} 26. h3 {[%clk
00:02:16]} {[%emt 00:00:33]} Nh6 {[%clk 00:04:14]} {[%emt 00:00:22]} 27. Be3
{[%clk 00:02:04]} {[%emt 00:00:17]} Qc7 {[%clk 00:02:37]} {[%emt 00:01:42]} 28.
Bd3 {[%clk 00:01:46]} {[%emt 00:00:22]} Nd7 {[%clk 00:02:09]} {[%emt 00:00:34]}
29. Bf4 {[%clk 00:01:28]} {[%emt 00:00:23]} Nb6 {[%clk 00:02:02]} {[%emt
00:00:11]} 30. Bxb5 {[%clk 00:01:16]} {[%emt 00:00:17]} Nxf5 {[%clk 00:01:46]}
{[%emt 00:00:21]} 31. Qd3 {[%clk 00:00:30]} {[%emt 00:00:52]} g6 {[%clk
00:01:45]} {[%emt 00:00:06]} 32. Rae1 {[%clk 00:00:11]} {[%emt 00:00:24]} Qc8
{[%clk 00:01:25]} {[%emt 00:00:25]} 33. e6 {[%clk 00:00:08]} {[%emt 00:00:08]}
fxe6 {[%clk 00:01:04]} {[%emt 00:00:27]} 34. Re2 {[%clk 00:00:08]} {[%emt
00:00:04]} Bd6 {[%clk 00:01:06]} {[%emt 00:00:03]} 35. Bxd6 {[%clk 00:00:09]}
{[%emt 00:00:03]} Rxd6 {[%clk 00:01:10]} {[%emt 00:00:02]} 36. Rfe1 {[%clk
00:00:08]} {[%emt 00:00:06]} h4 {[%clk 00:01:10]} {[%emt 00:00:05]} 37. Kg1
{[%clk 00:00:10]} {[%emt 00:00:03]} Nc4 {[%clk 00:00:53]} {[%emt 00:00:22]} 38.
Bxc4 {[%clk 00:00:07]} {[%emt 00:00:08]} dxc4 {[%clk 00:00:47]} {[%emt
00:00:11]} 39. Qf3+ {[%clk 00:00:11]} {[%emt 00:00:01]} Kb8 {[%clk 00:00:49]}
{[%emt 00:00:03]} 40. Rxe6 {[%clk 00:00:08]} {[%emt 00:00:08]} Rxa6 {[%clk
00:00:26]} {[%emt 00:00:28]} 41. Qf4+ {[%clk 00:00:09]} {[%emt 00:00:04]} Ka8
{[%clk 00:00:14]} {[%emt 00:00:17]} 42. Qe4+ {[%clk 00:00:12]} {[%emt
00:00:02]} Kb8 {[%clk 00:00:09]} {[%emt 00:00:10]} 43. Qe5+ {[%clk 00:00:15]}
{[%emt 00:00:01]} Kb7 {[%clk 00:00:11]} {[%emt 00:00:04]} 44. Qd5+ {[%clk
00:00:14]} {[%emt 00:00:07]} Kb8 {[%clk 00:00:13]} {[%emt 00:00:02]} 45. Qb5+
{[%clk 00:00:16]} {[%emt 00:00:03]} Rb6 {[%clk 00:00:16]} {[%emt 00:00:02]} 46.
Rxb6+ {[%clk 00:00:20]} axb6 {[%clk 00:00:21]} {[%emt 00:00:01]} 47. Qxb6+
{[%clk 00:00:21]} {[%emt 00:00:03]} Qb7 {[%clk 00:00:25]} {[%emt 00:00:01]} 48.
Qe6 {[%clk 00:00:14]} {[%emt 00:00:12]} Rd8 {[%clk 00:00:20]} {[%emt 00:00:09]}
49. Qe5+ {[%clk 00:00:16]} {[%emt 00:00:04]} Qc7 {[%clk 00:00:23]} {[%emt
00:00:02]} 50. Qb5+ {[%clk 00:00:20]} Kc8 {[%clk 00:00:22]} {[%emt 00:00:06]}
51. Ra1 {[%clk 00:00:17]} {[%emt 00:00:08]} Qb7 {[%clk 00:00:23]} {[%emt
00:00:05]} 52. Qc5+ {[%clk 00:00:18]} {[%emt 00:00:03]} Kb8 {[%clk 00:00:26]}
{[%emt 00:00:02]} 53. Qxc4 {[%clk 00:00:09]} {[%emt 00:00:14]} Qb6+ {[%clk
00:00:29]} {[%emt 00:00:02]} 54. Kh2 {[%clk 00:00:09]} {[%emt 00:00:05]} Qc7+
{[%clk 00:00:20]} {[%emt 00:00:15]} 55. Kg1 {[%clk 00:00:12]} Qxc4 {[%clk
00:00:21]} {[%emt 00:00:03]} 56. b5 {[%clk 00:00:10]} {[%emt 00:00:07]} Rd2
{[%clk 00:00:23]} {[%emt 00:00:03]} 57. b6 {[%clk 00:00:14]} {[%emt 00:00:01]}
Qc5+ {[%clk 00:00:25]} {[%emt 00:00:04]} 58. Kh1 {[%clk 00:00:13]} {[%emt
00:00:06]} Ng3+ {[%clk 00:00:28]} {[%emt 00:00:02]} 59. Kh2 {[%clk 00:00:18]}
Qe5 {[%clk 00:00:31]} {[%emt 00:00:02]} 60. b7 {[%clk 00:00:17]} {[%emt
00:00:07]} Nf1+ {[%clk 00:00:31]} {[%emt 00:00:04]} 61. Kg1 {[%clk 00:00:16]}
{[%emt 00:00:06]} Qh2+ {[%clk 00:00:35]} 62. Kxf1 {[%clk 00:00:21]} {[%emt
00:00:01]} Qh1# {[%clk 00:00:34]} 0-1

[Event "World Youth & Cadets Rapid Championships"]
[Site "Rhodes, Greece"]
[Date "2022.05.02"]
[Round "7.20"]
[White "Bogdanov, Artyom"]
[Black "Patel, Zain"]
[Result "1-0"]
[TimeControl "10'/game & 5\"/move"]
[WhiteElo "1450"]
[BlackElo "1563"]

1. e4 {[%clk 00:10:09]} e5 {[%clk 00:10:08]} {[%emt 00:00:03]} 2. Nf3 {[%clk
00:10:12]} {[%emt 00:00:01]} Nc6 {[%clk 00:10:11]} {[%emt 00:00:03]} 3. Bb5
{[%clk 00:10:16]} {[%emt 00:00:01]} a6 {[%clk 00:10:15]} {[%emt 00:00:01]} 4.
Ba4 {[%clk 00:10:19]} {[%emt 00:00:01]} Nf6 {[%clk 00:10:18]} {[%emt 00:00:02]}
5. O-O {[%clk 00:10:22]} {[%emt 00:00:02]} Be7 {[%clk 00:10:21]} {[%emt
00:00:02]} 6. Re1 {[%clk 00:10:22]} {[%emt 00:00:05]} b5 {[%clk 00:10:21]}
{[%emt 00:00:06]} 7. Bb3 {[%clk 00:10:24]} {[%emt 00:00:03]} d6 {[%clk
00:10:24]} {[%emt 00:00:02]} 8. a4 {[%clk 00:09:46]} {[%emt 00:00:42]} Bg4
{[%clk 00:10:16]} {[%emt 00:00:13]} 9. c3 {[%clk 00:08:59]} {[%emt 00:00:54]}
O-O {[%clk 00:09:55]} {[%emt 00:00:25]} 10. d3 {[%clk 00:09:02]} {[%emt
00:00:01]} Qd7 {[%clk 00:09:39]} {[%emt 00:00:21]} 11. Nbd2 {[%clk 00:08:42]}
{[%emt 00:00:25]} Nh5 {[%clk 00:09:04]} {[%emt 00:00:40]} 12. Nf1 {[%clk
00:07:37]} {[%emt 00:01:10]} Na5 {[%clk 00:08:10]} {[%emt 00:00:59]} 13. Bc2
{[%clk 00:05:52]} {[%emt 00:01:50]} f5 {[%clk 00:07:20]} {[%emt 00:00:56]} 14.
N1d2 {[%clk 00:04:50]} {[%emt 00:01:07]} fxe4 {[%clk 00:07:10]} {[%emt
00:00:14]} 15. dxe4 {[%clk 00:04:11]} {[%emt 00:00:44]} Nf4 {[%clk 00:06:32]}
{[%emt 00:00:43]} 16. b4 {[%clk 00:03:43]} {[%emt 00:00:35]} Nc4 {[%clk
00:05:36]} {[%emt 00:01:00]} 17. Nxc4 {[%clk 00:02:36]} {[%emt 00:01:11]} Nh3+
{[%clk 00:05:13]} {[%emt 00:00:28]} 18. gxh3 {[%clk 00:00:30]} {[%emt
00:02:12]} Bxf3 {[%clk 00:05:14]} {[%emt 00:00:03]} 19. Qd5+ {[%clk 00:00:28]}
{[%emt 00:00:08]} Kh8 {[%clk 00:05:17]} {[%emt 00:00:02]} 20. Nxe5 {[%clk
00:00:32]} Qxh3 {[%clk 00:03:54]} {[%emt 00:01:28]} 21. Nxf3 {[%clk 00:00:35]}
{[%emt 00:00:01]} Qg4+ {[%clk 00:03:58]} 22. Kf1 {[%clk 00:00:34]} {[%emt
00:00:06]} Qxf3 {[%clk 00:04:02]} {[%emt 00:00:02]} 23. Be3 {[%clk 00:00:32]}
{[%emt 00:00:06]} Bh4 {[%clk 00:02:58]} {[%emt 00:01:09]} 24. Bd1 {[%clk
00:00:24]} {[%emt 00:00:14]} Qh3+ {[%clk 00:01:53]} {[%emt 00:01:09]} 25. Ke2
{[%clk 00:00:26]} {[%emt 00:00:04]} Qg2 {[%clk 00:01:56]} {[%emt 00:00:01]} 26.
Rf1 {[%clk 00:00:24]} {[%emt 00:00:07]} Rae8 {[%clk 00:01:27]} {[%emt
00:00:35]} 27. Bc2 {[%clk 00:00:29]} Rf3 {[%clk 00:01:10]} {[%emt 00:00:22]} 28.
Qh5 {[%clk 00:00:11]} {[%emt 00:00:22]} Rxe3+ {[%clk 00:00:40]} {[%emt
00:00:35]} 29. Kxe3 {[%clk 00:00:15]} {[%emt 00:00:02]} Bg5+ {[%clk 00:00:38]}
{[%emt 00:00:07]} 30. f4 {[%clk 00:00:19]} g6 {[%clk 00:00:12]} {[%emt
00:00:31]} 31. Qe2 {[%clk 00:00:16]} {[%emt 00:00:08]} Qh3+ {[%clk 00:00:14]}
{[%emt 00:00:03]} 32. Qf3 {[%clk 00:00:20]} Qxh2 {[%clk 00:00:16]} {[%emt
00:00:03]} 33. fxg5 {[%clk 00:00:23]} {[%emt 00:00:01]} Qe5 {[%clk 00:00:07]}
{[%emt 00:00:14]} 34. Qf6+ {[%clk 00:00:27]} {[%emt 00:00:01]} Qxf6 {[%clk
00:00:11]} {[%emt 00:00:02]} 35. gxf6 {[%clk 00:00:31]} {[%emt 00:00:01]} d5
{[%clk 00:00:15]} {[%emt 00:00:01]} 36. f7 {[%clk 00:00:33]} {[%emt 00:00:03]}
1-0